000 00660nam a2200181 a 4500
005 20240919063818.0
008 991125s1969 mx 000 0 spa u
035 _aUPN01000036461
049 _aC
050 4 _aJL1231 M46
_bS4.4
245 0 0 _aManual de organización del gobierno federal 1969-1970 /
_cSecretaría de la Presidencia, Comisión de Administración Pública
260 _aMéxico :
_bSecretaría de la Presidencia,
_c1969
300 _a786 p., [8] h. pleg.
651 4 _aMéxico
_xPolítica y gobierno
_94512
710 2 _aMéxico.
_bSecretaría de la Presidencia.
_bComisión de Administración Pública
904 _aAC
_b036462
905 _aLibro
999 _c36461
_d36461